[Event "Gradiste op 3rd"]
[Site "Gradiste"]
[Date "2023.08.07"]
[Round "2"]
[White "Bobanac, Miro"]
[Black "Neferanovic, Ivan"]
[Result "1-0"]
[WhiteElo "2232"]
[BlackElo "1664"]
[PlyCount "145"]
[EventDate "2023.08.06"]
[EventType "swiss"]
[EventRounds "9"]
[EventCountry "CRO"]
[SourceTitle "EXT 2024"]
[Source "ChessBase"]
[SourceDate "2023.10.10"]
[SourceVersion "1"]
[SourceVersionDate "2023.10.10"]
[SourceQuality "1"]

1. Nf3 Nf6 2. c4 g6 3. Nc3 Bg7 4. g3 d6 5. Bg2 0-0 6. 0-0 c5 7. d3 Nc6 8. Bd2 Bd7 9. a3 Qc8 10. Rb1 Bh3 11. b4 Bxg2 12. Kxg2 b6 13. b5 Nd8 14. a4 e6 15. Qb3 Qb7 16. a5 Nd7 17. Bf4 e5 18. Bd2 f5 19. a6 Qb8 20. Nd5 Nf6 21. Nh4 Ne6 22. e3 Nxd5 23. cxd5 Nc7 24. f4 Qe8 25. Bc3 e4 26. Bxg7 Kxg7 27. Rfd1 h6 28. Kf2 Qe7 29. d4 Rad8 30. Ng2 Rd7 31. Ne1 Rfd8 32. Nc2 Qf7 33. Na3 Nxd5 34. Nc4 Nf6 35. h3 Qg8 36. Rd2 Rc7 37. Rbd1 d5 38. Ne5 c4 39. Qb4 Qf8 40. Qxf8+ Rxf8 41. g4 Nd7 42. gxf5 Rxf5 43. Ke2 Kf6 44. Rg1 Nf8 45. Kd1 Rh5 46. Rg3 Rg7 47. Rdg2 g5 48. Rf2 Ke6 49. f5+ Kf6 50. Ng4+ Kf7 51. f6 Rg8 52. Rf5 Nd7 53. Rxd5 Nxf6 54. Rf5 Rg6 55. Kc2 Ke6 56. Re5+ Kd6 57. Kc3 Nxg4 58. hxg4 Rh1 59. Rxe4 Rc1+ 60. Kb2 Rf1 61. Rg2 Rgf6 62. Re8 Re1 63. Rc2 Rf3 64. Kc3 Rexe3+ 65. Rxe3 Rxe3+ 66. Kxc4 Rh3 67. Rf2 Re3 68. Rf7 Ra3 69. Rxa7 Ra4+ 70. Kc3 Kd5 71. Rd7+ Ke4 72. Re7+ Kf4 73. d5 1-0

[Event "Bosnjaci op 27th"]
[Site "Bosnjaci"]
[Date "2023.01.08"]
[Round "8"]
[White "Runic, Zoran"]
[Black "Bobanac, Miro"]
[Result "1/2-1/2"]
[WhiteElo "2289"]
[BlackElo "2237"]
[PlyCount "210"]
[EventDate "2023.01.03"]
[EventType "swiss"]
[EventRounds "9"]
[EventCountry "CRO"]
[SourceTitle "CBM 212 Extra"]
[Source "ChessBase"]
[SourceDate "2023.03.31"]
[SourceVersion "1"]
[SourceVersionDate "2023.03.31"]
[SourceQuality "1"]

1. e4 Nf6 2. e5 Nd5 3. d4 c6 4. c4 Nc7 5. Nc3 d5 6. Nf3 dxc4 7. Bxc4 Be6 8. Bxe6 Nxe6 9. Be3 g6 10. h4 Na6 11. h5 Rg8 12. hxg6 hxg6 13. Qb3 Qb6 14. Qxb6 axb6 15. d5 Nec5 16. 0-0-0 Bg7 17. a3 Rh8 18. Kc2 Nd7 19. e6 fxe6 20. dxe6 Ndc5 21. Ng5 Nc7 22. Rxh8+ Bxh8 23. Nce4 Nxe4 24. Nxe4 Nxe6 25. Bxb6 Ra6 26. Be3 Ra5 27. Rd3 Rd5 28. Nc3 Rxd3 29. Kxd3 Kd7 30. a4 Kd6 31. Kc4 Bxc3 32. Kxc3 Nc7 33. Ba7 Nd5+ 34. Kc4 Kd7 35. a5 Nf4 36. g3 Nd5 37. Bb8 Nf6 38. Be5 Nd5 39. Kc5 Ke6 40. Bb8 Kd7 41. f3 Kc8 42. Be5 Kd7 43. Bd4 Nc7 44. Kb6 Kc8 45. Be5 Nd5+ 46. Kc5 Kd7 47. Kd4 Ke6 48. Bb8 Nb4 49. g4 Na6 50. Be5 Nb4 51. Bg3 Nd5 52. b3 Nf6 53. Bh4 Nd5 54. Kc5 Kd7 55. Bg5 Nc7 56. Bd2 Nd5 57. Kd4 Ke6 58. Ke4 Nf6+ 59. Kf4 Nd5+ 60. Kg5 Kf7 61. Kh6 Nf6 62. Bc3 Nd5 63. Be5 Ne3 64. Bd4 Nd5 65. Bc5 Nf4 66. Be3 Nd5 67. Bd2 Nf6 68. Kg5 Nd5 69. Bf4 Nc3 70. Be5 Nd5 71. f4 e6 72. Bd6 Nc3 73. Kh4 Ne4 74. Be5 Nd2 75. b4 Nc4 76. Bd4 Nd6 77. Kg3 Nb5 78. Be5 Ke7 79. Kf3 Kd7 80. Ke4 Ke7 81. Kd3 Kd7 82. Kc4 Na3+ 83. Kc5 Nc2 84. Bd4 Kc7 85. Bf2 Kd7 86. Kb6 Kc8 87. Bc5 Na3 88. Bf8 Nc4+ 89. Kc5 Ne3 90. Kd6 Nxg4 91. Kxe6 Ne3 92. Bd6 Nd5 93. b5 Nxf4+ 94. Bxf4 cxb5 95. Kd5 Kd7 96. Kc5 b4 97. Kxb4 Kc6 98. Be3 g5 99. Bb6 g4 100. Kc4 g3 101. Bg1 Kc7 102. Kb5 Kb8 103. Kb6 Kc8 104. Ka7 Kc7 105. Be3 Kc6 1/2-1/2

[Event "CRO-chT1A 30th"]
[Site "Porec"]
[Date "2022.10.02"]
[Round "9.2"]
[White "Bobanac, Miro"]
[Black "Zovko, Mario"]
[Result "1-0"]
[WhiteElo "2245"]
[BlackElo "2306"]
[PlyCount "85"]
[EventDate "2022.09.24"]
[EventType "team-tourn"]
[EventRounds "9"]
[EventCountry "CRO"]
[SourceTitle "CBM 210 Extra"]
[Source "ChessBase"]
[SourceDate "2022.11.30"]
[SourceVersion "1"]
[SourceVersionDate "2022.11.30"]
[SourceQuality "1"]
[WhiteTeam "Split Mornar"]
[BlackTeam "Novo Virje Konaki"]
[WhiteTeamCountry "CRO"]
[BlackTeamCountry "CRO"]

1. Nf3 c5 2. c4 d6 3. g3 e5 4. Nc3 g6 5. Bg2 Bg7 6. 0-0 Ne7 7. d3 Nbc6 8. Bd2 0-0 9. a3 a5 10. Rb1 h6 11. Ne1 f5 12. Nc2 Rb8 13. Ne3 b6 14. Ned5 Bb7 15. b4 axb4 16. axb4 Ba8 17. b5 Nd4 18. Ra1 Nxd5 19. Nxd5 Rf7 20. e3 Ne6 21. Ra3 Nc7 22. Nxc7 Bxg2 23. Kxg2 Rxc7 24. Qf3 Qe7 25. Qd5+ Kh7 26. Rfa1 e4 27. R1a2 h5 28. Ra8 Rcb7 29. R2a3 h4 30. Rxb8 Rxb8 31. Bc3 Bxc3 32. Rxc3 Rd8 33. Ra3 Rg8 34. Ra6 Rb8 35. dxe4 fxe4 36. gxh4 Qxh4 37. Ra7+ Kh6 38. Qxd6 Rd8 39. Qg3 Qxg3+ 40. Kxg3 Kg5 41. Rf7 Rd6 42. h4+ Kh6 43. Re7 1-0

[Event "CRO-chT1A 30th"]
[Site "Porec"]
[Date "2022.09.27"]
[Round "4.4"]
[White "Bobanac, Miro"]
[Black "Vernacki, Srdjan"]
[Result "1/2-1/2"]
[WhiteElo "2245"]
[BlackElo "2280"]
[PlyCount "113"]
[EventDate "2022.09.24"]
[EventType "team-tourn"]
[EventRounds "9"]
[EventCountry "CRO"]
[SourceTitle "CBM 210 Extra"]
[Source "ChessBase"]
[SourceDate "2022.11.30"]
[SourceVersion "1"]
[SourceVersionDate "2022.11.30"]
[SourceQuality "1"]
[WhiteTeam "Split Mornar"]
[BlackTeam "Strigova Stridon"]
[WhiteTeamCountry "CRO"]
[BlackTeamCountry "CRO"]

1. Nf3 c5 2. c4 Nf6 3. Nc3 e6 4. g3 b6 5. Bg2 Bb7 6. 0-0 Be7 7. b3 0-0 8. Bb2 a6 9. e3 d6 10. d3 Qc7 11. Ne1 Rd8 12. g4 d5 13. g5 Ne8 14. Qg4 dxc4 15. dxc4 Bxg2 16. Nxg2 Nc6 17. Rad1 Ne5 18. Qe2 Nd6 19. f4 Nc6 20. Nh4 b5 21. Nf3 bxc4 22. bxc4 Nf5 23. Ne4 Rxd1 24. Rxd1 Rd8 25. Rxd8+ Qxd8 26. Ng3 Nd6 27. Ne5 Qb6 28. Nxc6 Qxc6 29. Be5 Nc8 30. Kf2 Nb6 31. Qc2 Nd7 32. Bb2 Nb6 33. Be5 Nd7 34. Ba1 f6 35. h4 Nb6 36. gxf6 Bxf6 37. Bxf6 gxf6 38. Qd3 Qd7 39. Qe4 f5 40. Qc2 Kf7 41. Qc3 Qe7 42. h5 Qf6 43. Qb3 Nd7 44. Qb7 Ke7 45. Qxa6 Qb2+ 46. Ne2 Nf6 47. Qa7+ Ke8 48. Qa8+ Kf7 49. Qa7+ Kg8 50. h6 Ng4+ 51. Kf3 Nxh6 52. Qxc5 Qb7+ 53. Kg3 Qg7+ 54. Kf3 Qb7+ 55. Kg3 Qg7+ 56. Kf3 Qb7+ 57. Kg3 1/2-1/2

[Event "Bosnjaci op 26th"]
[Site "Bosnjaci"]
[Date "2022.01.09"]
[Round "9"]
[White "Bobanac, Miro"]
[Black "Tica, Sven"]
[Result "1/2-1/2"]
[WhiteElo "2261"]
[BlackElo "2419"]
[PlyCount "96"]
[EventDate "2022.01.03"]
[EventType "swiss"]
[EventRounds "9"]
[EventCountry "CRO"]
[SourceTitle "EXT 2023"]
[Source "ChessBase"]
[SourceDate "2022.10.05"]
[SourceVersion "1"]
[SourceVersionDate "2022.10.05"]
[SourceQuality "1"]

1. b3 d5 2. c4 e6 3. Bb2 Nf6 4. Nf3 Be7 5. e3 0-0 6. Be2 b6 7. 0-0 Bb7 8. Nc3 a6 9. Qc2 c5 10. cxd5 exd5 11. d4 Nbd7 12. Rfd1 Bd6 13. Qf5 Qe7 14. Rd2 Rac8 15. dxc5 bxc5 16. Rad1 Qe6 17. Bd3 g6 18. Qg5 Be7 19. Qf4 Bd6 20. Qg5 Be7 21. Qf4 Nh5 22. Qa4 Bc6 23. Qa5 Bd8 24. Qa3 Bc7 25. Be2 Nhf6 26. Ba1 Qf5 27. Qb2 d4 28. exd4 Bxf3 29. Bxf3 Qf4 30. Kf1 Qxh2 31. g3 cxd4 32. Rxd4 Qh3+ 33. Bg2 Qh5 34. Nd5 Be5 35. Ne7+ Kg7 36. Nxc8 Rxc8 37. Qe2 Qxe2+ 38. Kxe2 Bxd4 39. Rxd4 Kf8 40. Bb7 Re8+ 41. Kf1 Nc5 42. Bxa6 Ra8 43. Bc4 Rxa2 44. Rd1 Nfe4 45. Bd4 Ne6 46. Bxe6 fxe6 47. b4 e5 48. Bc5+ Nxc5 1/2-1/2

[Event "Bosnjaci op 26th"]
[Site "Bosnjaci"]
[Date "2022.01.08"]
[Round "8"]
[White "Bobanac, Miro"]
[Black "Vujnovic, Patricija"]
[Result "1-0"]
[WhiteElo "2261"]
[BlackElo "2138"]
[PlyCount "166"]
[EventDate "2022.01.03"]
[EventType "swiss"]
[EventRounds "9"]
[EventCountry "CRO"]
[SourceTitle "EXT 2023"]
[Source "ChessBase"]
[SourceDate "2022.10.05"]
[SourceVersion "1"]
[SourceVersionDate "2022.10.05"]
[SourceQuality "1"]

1. Nf3 d5 2. b3 Nf6 3. Bb2 Bf5 4. c4 e6 5. d3 h6 6. g3 Be7 7. Bg2 c6 8. 0-0 0-0 9. Nbd2 Bh7 10. Re1 Nbd7 11. Qc2 Qb6 12. e4 dxe4 13. dxe4 a5 14. a3 Rfd8 15. Rad1 Ng4 16. Re2 Bf6 17. h3 Bxb2 18. Qxb2 Ngf6 19. e5 Ne8 20. Nd4 Nc5 21. N2f3 Nxb3 22. c5 Qxc5 23. Qxb3 Nc7 24. Red2 Rab8 25. Qb2 Nd5 26. Rc1 Qa7 27. Kh2 Nb6 28. Qc3 Be4 29. Nb3 Bd5 30. Qxa5 Ra8 31. Qxa7 Rxa7 32. Nc5 Rxa3 33. Ne1 Rb8 34. Bxd5 cxd5 35. Rb2 Nc4 36. Rxb7 Rxb7 37. Nxb7 Nxe5 38. Nc5 Ra2 39. Ncd3 Nc4 40. Rc2 Ra7 41. Nf3 g6 42. Nfe5 Nxe5 43. Nxe5 Kg7 44. Kg2 Rb7 45. Rc6 Kf6 46. Ng4+ Kg7 47. Rd6 h5 48. Ne5 Kf6 49. Nf3 Ke7 50. Ra6 Rc7 51. h4 Rb7 52. Nd4 Kf6 53. Kf3 Rc7 54. Nc6 Kf5 55. Nd4+ Ke5 56. Ne2 Rb7 57. Ra3 Rc7 58. Ke3 Kf6 59. Nf4 Rb7 60. Nd3 Rc7 61. Ra4 Kg7 62. Kd4 Kf6 63. Ne5 Kg7 64. Ra3 Rc2 65. f3 Rc7 66. Rc3 Ra7 67. Kc5 Kf6 68. Kd6 Kf5 69. Nc6 Ra1 70. Nd4+ Kf6 71. g4 hxg4 72. fxg4 Ra6+ 73. Nc6 Kg7 74. Rf3 Ra4 75. g5 Rxh4 76. Ne5 Kg8 77. Nxf7 Re4 78. Nh6+ Kg7 79. Rf7+ Kh8 80. Ke7 d4 81. Kf8 d3 82. Rf3 Rh4 83. Rxd3 Rf4+ 1-0

[Event "Bosnjaci op 26th"]
[Site "Bosnjaci"]
[Date "2022.01.04"]
[Round "3"]
[White "Grguric, Stjepan Kresimir"]
[Black "Bobanac, Miro"]
[Result "0-1"]
[WhiteElo "2107"]
[BlackElo "2261"]
[PlyCount "230"]
[EventDate "2022.01.03"]
[EventType "swiss"]
[EventRounds "9"]
[EventCountry "CRO"]
[SourceTitle "EXT 2023"]
[Source "ChessBase"]
[SourceDate "2022.10.05"]
[SourceVersion "1"]
[SourceVersionDate "2022.10.05"]
[SourceQuality "1"]

1. e4 c5 2. Nf3 e6 3. d4 cxd4 4. Nxd4 Nc6 5. Nc3 Qc7 6. Be2 Nf6 7. Bg5 a6 8. h4 b5 9. a3 Bb7 10. Qd2 Nxd4 11. Qxd4 Bc5 12. Qd3 b4 13. axb4 Bxb4 14. Bxf6 gxf6 15. Rd1 Bxc3+ 16. bxc3 Bc6 17. Rh3 Rg8 18. e5 Qxe5 19. Re3 Qc5 20. Bf3 Ke7 21. Qxh7 Bxf3 22. Rxf3 Qc6 23. Qh6 Qe4+ 24. Kf1 Rg6 25. Qd2 d5 26. Qd4 Qxd4 27. cxd4 Rc8 28. c3 Rgg8 29. Ra1 Rc6 30. Ra3 Ra8 31. Rh3 f5 32. Ke2 Rb8 33. Rd3 Kf6 34. Rd2 Kg6 35. Rda2 Rbb6 36. g3 Kh5 37. Kf3 Rb1 38. Rxa6 Rxc3+ 39. Ke2 Rb4 40. Rd2 f4 41. gxf4 Kg6 42. Ra8 Rh3 43. Rh8 Kg7 44. Rh5 Kf6 45. Rh6+ Kf5 46. Rh7 f6 47. Rh6 Rbb3 48. Ra2 Rbf3 49. Ra7 Rxf4 50. Rf7 Ke4 51. Rfxf6 Rxf6 52. Rxf6 Rxh4 53. Rxe6+ Kxd4 54. Ra6 Rh2 55. Ra4+ Kc3 56. Ra3+ Kb4 57. Rf3 Kc4 58. Rf8 Rh7 59. Rf4+ Kc3 60. Rf3+ Kc2 61. Rd3 Re7+ 62. Re3 Rd7 63. Re8 Kc3 64. Rc8+ Kd4 65. Rf8 Ra7 66. Rf4+ Kc3 67. Rf3+ Kc4 68. Rf8 Ra2+ 69. Kd1 d4 70. Rf3 Kd5 71. Rf8 Ke4 72. Rf7 Kd3 73. Rf3+ Kc4 74. Kc1 Kd5 75. Rf5+ Ke4 76. Rf8 Kd3 77. Rf3+ Ke2 78. Rf8 Ra1+ 79. Kb2 Ra7 80. Re8+ Kd2 81. f4 Rb7+ 82. Ka3 Rf7 83. Re4 Kd3 84. Re1 Rxf4 85. Kb2 Rf2+ 86. Kc1 Rc2+ 87. Kb1 Re2 88. Rh1 Kd2 89. Rh3 d3 90. Kb2 Kd1+ 91. Kc3 d2 92. Kd3 Kc1 93. Kxe2 d1Q+ 94. Kf2 Qd4+ 95. Kg2 Kd2 96. Rg3 Ke2 97. Kh3 Qd7+ 98. Kh4 Kf2 99. Rg6 Kf3 100. Rf6+ Ke4 101. Rg6 Kf5 102. Rg2 Qd4+ 103. Kh3 Qh8+ 104. Kg3 Ke4 105. Re2+ Kd3 106. Rf2 Qh5 107. Rf3+ Ke2 108. Rf2+ Ke3 109. Rf1 Qg6+ 110. Kh3 Qh5+ 111. Kg3 Qg5+ 112. Kh2 Ke2 113. Rg1 Qe5+ 114. Kh3 Kf2 115. Rg4 Qh5+ 0-1

[Event "CRO-chT1A 28th"]
[Site "Mali Losinj"]
[Date "2019.09.30"]
[Round "3.55"]
[White "Bobanac, Miro"]
[Black "Palac, Mladen"]
[Result "1/2-1/2"]
[WhiteElo "2257"]
[BlackElo "2544"]
[PlyCount "58"]
[EventDate "2019.09.28"]
[EventType "team-tourn"]
[EventRounds "9"]
[EventCountry "CRO"]
[SourceTitle "EXT 2020"]
[Source "ChessBase"]
[SourceDate "2019.10.17"]
[SourceVersion "1"]
[SourceVersionDate "2019.10.17"]
[SourceQuality "1"]
[WhiteTeam "Split Mornar"]
[BlackTeam "Zagreb Zagreb"]
[WhiteTeamCountry "CRO"]
[BlackTeamCountry "CRO"]

1. Nf3 c5 2. b3 Nc6 3. Bb2 d6 4. d4 cxd4 5. Nxd4 e5 6. Nxc6 bxc6 7. g3 Nf6 8. Bg2 Bb7 9. 0-0 Be7 10. c4 0-0 11. Nc3 d5 12. e3 Qd7 13. Na4 Qe6 14. Qc2 Ba6 15. Rfc1 dxc4 16. bxc4 Rab8 17. a3 Rfd8 18. Qc3 Nd7 19. Bf1 c5 20. Bg2 Bb7 21. Bxb7 Rxb7 22. Rd1 Rdb8 23. Qc2 Nb6 24. Nxb6 Rxb6 25. Ra2 f6 26. Rd5 Qg4 27. Kg2 e4 28. h3 Qe6 29. Bc3 a6 1/2-1/2

[Event "CRO Cup"]
[Site "Mali Losinj"]
[Date "2019.05.16"]
[Round "3.53"]
[White "Bobanac, Miro"]
[Black "Golubovic, Boris"]
[Result "0-1"]
[WhiteElo "2304"]
[BlackElo "2389"]
[PlyCount "208"]
[EventDate "2019.05.15"]
[EventType "team-swiss"]
[EventRounds "6"]
[EventCountry "CRO"]
[SourceTitle "CBM 190 Extra"]
[Source "ChessBase"]
[SourceDate "2019.07.15"]
[SourceVersion "1"]
[SourceVersionDate "2019.07.15"]
[SourceQuality "1"]
[WhiteTeam "Split Mornar"]
[BlackTeam "Rijeka CC"]
[WhiteTeamCountry "CRO"]
[BlackTeamCountry "CRO"]

1. Nf3 g6 2. c4 Bg7 3. Nc3 c5 4. e3 Nf6 5. b3 Nc6 6. Bb2 0-0 7. Be2 b6 8. 0-0 Bb7 9. Qc2 d5 10. Nxd5 Nxd5 11. Bxg7 Kxg7 12. cxd5 Qxd5 13. Rfd1 e5 14. Bc4 Qd6 15. Qb2 Rae8 16. a3 a5 17. Bb5 Re7 18. d4 exd4 19. exd4 Qf6 20. Bxc6 Bxc6 21. Ne5 Bd7 22. f4 cxd4 23. Rxd4 Bc8 24. Rad1 h5 25. h3 Kg8 26. Qf2 Re6 27. b4 axb4 28. axb4 Qe7 29. Qd2 b5 30. Rd5 Rb6 31. Qd4 Rb7 32. Rd6 Kh7 33. Nc6 Qh4 34. Qf2 Qxf2+ 35. Kxf2 Bf5 36. Ne5 Rc8 37. g4 hxg4 38. hxg4 Be6 39. g5 Ra7 40. Rd8 Rxd8 41. Rxd8 Ra4 42. Rd4 Kg7 43. Ke3 Bf5 44. Kd2 Ra2+ 45. Kd1 Rb2 46. Nc6 Be6 47. Rd2 Rb1+ 48. Ke2 Rc1 49. Ne5 Rb1 50. Rd4 f6 51. Nc6 fxg5 52. fxg5 Rg1 53. Rd6 Bc4+ 54. Ke3 Rxg5 55. Kd4 Rg1 56. Kc5 Re1 57. Nd4 Re5+ 58. Kb6 Kh6 59. Nc6 Re8 60. Nd4 Kh5 61. Rc6 g5 62. Nf5 Rb8+ 63. Kc7 Rf8 64. Nd6 Bf1 65. Rc5 Rf4 66. Nf5 Bd3 67. Ng7+ Kh4 68. Ne6 Rf7+ 69. Kd6 g4 70. Rc8 g3 71. Rh8+ Bh7 72. Nf8 Rxf8 73. Rxf8 g2 74. Rh8 Kg5 75. Rxh7 Kg6 76. Rb7 g1Q 77. Rxb5 Qd4+ 78. Kc6 Kf6 79. Rb6 Ke6 80. Kb5+ Kd5 81. Ka5 Kc4 82. Rc6+ Kb3 83. b5 Qb4+ 84. Ka6 Qa4+ 85. Kb6 Kb4 86. Kb7 Kxb5 87. Re6 Qd4 88. Kc7 Qd5 89. Rd6 Qf7+ 90. Rd7 Qe6 91. Rd6 Qe5 92. Kd7 Kc5 93. Re6 Qg3 94. Rf6 Qg4+ 95. Ke7 Kd5 96. Kf7 Ke5 97. Rg6 Qd7+ 98. Kg8 Kf5 99. Rg1 Qd5+ 100. Kh7 Qc4 101. Rg7 Qh4+ 102. Kg8 Qd4 103. Kh7 Kf6 104. Rc7 Qd3+ 0-1

[Event "Solta Amateur op"]
[Site "Grohote"]
[Date "2018.06.30"]
[Round "8"]
[White "Bobanac, Miro"]
[Black "Berke, Ana"]
[Result "1-0"]
[WhiteElo "2295"]
[BlackElo "2197"]
[PlyCount "61"]
[EventDate "2018.06.24"]
[EventType "swiss"]
[EventRounds "9"]
[EventCountry "CRO"]
[SourceTitle "CBM 185 Extra"]
[Source "ChessBase"]
[SourceDate "2018.07.29"]
[SourceVersion "1"]
[SourceVersionDate "2018.07.29"]
[SourceQuality "1"]

1. Nf3 c5 2. b3 Nc6 3. Bb2 d6 4. e3 e5 5. Nc3 g6 6. d4 cxd4 7. exd4 Bg7 8. dxe5 Nxe5 9. Nxe5 Bxe5 10. Bb5+ Bd7 11. Qe2 Ne7 12. 0-0-0 0-0 13. Bxd7 Bxc3 14. Bxc3 Qxd7 15. Qe5 dxe5 16. Rxd7 Nc6 17. Rxb7 Rac8 18. Kb2 Rfe8 19. Rd1 Nd4 20. Bxd4 exd4 21. Rd2 a5 22. Rd7 Rc5 23. R7xd4 Ree5 24. a3 Rh5 25. h4 Rhf5 26. b4 Rce5 27. c4 Re1 28. c5 Rf6 29. Rc2 axb4 30. axb4 Ra6 31. c6 1-0

[Event "Solta Amateur op"]
[Site "Grohote"]
[Date "2018.06.26"]
[Round "4"]
[White "Bobanac, Miro"]
[Black "Elishev, Ivan"]
[Result "1/2-1/2"]
[WhiteElo "2295"]
[BlackElo "2193"]
[PlyCount "101"]
[EventDate "2018.06.24"]
[EventType "swiss"]
[EventRounds "9"]
[EventCountry "CRO"]
[SourceTitle "CBM 185 Extra"]
[Source "ChessBase"]
[SourceDate "2018.07.29"]
[SourceVersion "1"]
[SourceVersionDate "2018.07.29"]
[SourceQuality "1"]

1. b3 e5 2. Bb2 Nc6 3. e3 d6 4. Ne2 g6 5. d4 Bg7 6. d5 Nce7 7. Nbc3 f5 8. Ng3 Nf6 9. Bc4 a6 10. a4 0-0 11. Qd2 Bd7 12. f4 exf4 13. exf4 Be8 14. 0-0-0 Bf7 15. Qd3 Nc8 16. a5 b5 17. axb6 Nxb6 18. Nge2 Nxc4 19. bxc4 Nd7 20. Na4 Bxb2+ 21. Kxb2 Rb8+ 22. Ka3 Nc5 23. Nxc5 dxc5 24. Nc1 Qd6 25. g3 c6 26. dxc6 Qxc6 27. Nb3 Qb6 28. Qc3 Qb4+ 29. Qxb4 cxb4+ 30. Kb2 Bxc4 31. Nc5 Rfc8 32. Nd7 Rb7 33. Ne5 Bb5 34. Rd2 Rbc7 35. Rhd1 Kg7 36. Nf3 h6 37. Nd4 Bc4 38. Nf3 Bb5 39. Nd4 Bc4 40. Nf3 Bf7 41. Ne5 g5 42. Ra1 Bc4 43. Nxc4 Rxc4 44. fxg5 hxg5 45. Rxa6 R8c7 46. Rb6 g4 47. Kb3 Rc3+ 48. Kb2 R3c4 49. Kb3 Rc3+ 50. Kb2 R3c4 51. Kb3 1/2-1/2